La construcción de la identidad juvenil en el contexto de la pobreza y la migración del campo a la ciudad /
La comprensión de las razones que alientan a la migración de jóvenes procedentes de la comunidad indígena de San Pedro Jocopilas, municipio eminentemente rural, a la Ciudad de Guatemala es el tema de estudio. Lo traumático de cualquier migración se ve agravado cuando ésta está impulsada por las cond...
Gespeichert in:
| 1. Verfasser: | |
|---|---|
| Format: | Text |
| Schlagworte: | |
| Tags: |
Tag hinzufügen
Keine Tags, Fügen Sie den ersten Tag hinzu!
|
MARC
| LEADER | 00000 a a2200000 04500 | ||
|---|---|---|---|
| 001 | 43207 | ||
| 003 | |||
| 040 | |||
| 100 | |a Calel Mejía, Marian Isabel | ||
| 245 | |a La construcción de la identidad juvenil en el contexto de la pobreza y la migración del campo a la ciudad / |c Marian Isabel Calel Mejía | ||
| 520 | |a La comprensión de las razones que alientan a la migración de jóvenes procedentes de la comunidad indígena de San Pedro Jocopilas, municipio eminentemente rural, a la Ciudad de Guatemala es el tema de estudio. Lo traumático de cualquier migración se ve agravado cuando ésta está impulsada por las condiciones de pobreza y falta de oportunidades educativas y laborales en las comunidades rurales de origen, donde residen los jóvenes junto a sus familias -cuando no han migrado con anterioridad. Mediante entrevistas en profundidad, la autora indaga las razones que llevaron a los jóvenes de esta comunidad campesina a la migración y sus expectativas respecto de este cambio de vida. Por otra parte, la autora analiza el impacto emocional de la migración y los logros alcanzados por los jóvenes respecto de su inserción laboral en el mercado de trabajo urbano. | ||
| 590 | |a RRA/JUNIO2012 | ||
| 650 | |a POBREZA | ||
| 650 | |a MIGRACION RURAL URBANA | ||
| 650 | |a ZONAS URBANAS | ||
| 650 | |a EXCLUSION SOCIAL | ||
| 650 | |a JUVENTUD | ||
| 650 | |a GUATEMALA | ||
| 773 | |g páginas 217-247 | ||
| 999 | |c 22759 |d 22759 | ||
